[Event "Santa Fe Dos Orillas op 12th"]
[Site "Santa Fe"]
[Date "2023.10.16"]
[Round "7"]
[White "Carnevale, Sofia"]
[Black "Diaz, Carlos Andres"]
[Result "0-1"]
[WhiteElo "1526"]
[BlackElo "2076"]
[PlyCount "72"]
[EventDate "2023.10.13"]
[EventType "swiss"]
[EventRounds "7"]
[EventCountry "ARG"]
[SourceTitle "Mega2024 Update 01"]
[Source "Chessbase"]
[SourceDate "2023.11.12"]
[SourceVersion "1"]
[SourceVersionDate "2023.11.12"]
[SourceQuality "1"]

1. e4 c5 2. Nf3 g6 3. d4 cxd4 4. Nxd4 Bg7 5. c3 Nc6 6. Be3 Nf6 7. Nd2 0-0 8. Be2 d5 9. exd5 Nxd5 10. Nxc6 Nxe3 11. fxe3 bxc6 12. Bc4 Qb6 13. 0-0 Qxe3+ 14. Kh1 Bf5 15. Re1 Qc5 16. Bb3 a5 17. Ne4 Bxe4 18. Rxe4 e6 19. Qe2 Qb5 20. Bc4 Qb6 21. Rd1 Rad8 22. Bb3 Rxd1+ 23. Qxd1 Rd8 24. Qf3 Rd2 25. Re2 Qd8 26. h3 Qd6 27. Rf2 Rxf2 28. Qxf2 Be5 29. Kg1 Bg3 30. Qe3 Bf4 31. Qe2 Qc5+ 32. Kf1 Kg7 33. Qe4 Bc1 34. Qc2 Qg5 35. Ba4 Qf4+ 36. Qf2 Qxa4 0-1

[Event "Santa Fe Dos Orillas op 12th"]
[Site "Santa Fe"]
[Date "2023.10.15"]
[Round "5"]
[White "Hilgert, Gonzalo"]
[Black "Diaz, Carlos Andres"]
[Result "0-1"]
[WhiteElo "1741"]
[BlackElo "2076"]
[PlyCount "66"]
[EventDate "2023.10.13"]
[EventType "swiss"]
[EventRounds "7"]
[EventCountry "ARG"]
[SourceTitle "Mega2024 Update 01"]
[Source "Chessbase"]
[SourceDate "2023.11.12"]
[SourceVersion "1"]
[SourceVersionDate "2023.11.12"]
[SourceQuality "1"]

1. Nf3 g6 2. g3 Bg7 3. Bg2 d6 4. 0-0 c5 5. e4 Nc6 6. d3 e6 7. Nbd2 Nge7 8. c3 0-0 9. a4 b6 10. Nc4 Bb7 11. Bf4 d5 12. Nd6 Ba6 13. Nb5 e5 14. Bg5 Qd7 15. Bxe7 Nxe7 16. c4 d4 17. Ne1 Bb7 18. f4 f5 19. Bh3 a6 20. Na3 Qc7 21. exf5 Nxf5 22. Nac2 exf4 23. gxf4 Rae8 24. Ng2 Qc6 25. Qd2 Nh4 26. Nce1 Re3 27. Bg4 h5 28. Bd1 Rfe8 29. Nxh4 Qh1+ 30. Kf2 Qxh2+ 31. Neg2 Bf6 32. Nf3 Rxf3+ 33. Bxf3 Bh4# 0-1